The Book of Acts : (Record no. 12082)

MARC details
000 -LEADER
fixed length control field 00642nam a22002052 4500
001 - CONTROL NUMBER
control field 0000019071
005 - DATE AND TIME OF LATEST TRANSACTION
control field 20151217155223.0
008 - FIXED-LENGTH DATA ELEMENTS--GENERAL INFORMATION
fixed length control field 100907s xx 000 0 eng d
020 ## - INTERNATIONAL STANDARD BOOK NUMBER
International Standard Book Number 0800660900 :
040 ## - CATALOGING SOURCE
Original cataloging agency KABU
Transcribing agency KABU
100 1# - MAIN ENTRY--PERSONAL NAME
Personal name Dibelius, Martin.
-- 0000178670
245 14 - TITLE STATEMENT
Title The Book of Acts :
Remainder of title form, style, and theology /
Statement of responsibility, etc. Martin Dibelius.
250 ## - EDITION STATEMENT
Edition statement 1st ed.
260 ## - PUBLICATION, DISTRIBUTION, ETC. (IMPRINT)
Place of publication, distribution, etc. Minneapolis :
Name of publisher, distributor, etc. Fortress,
Date of publication, distribution, etc. 2004.
300 ## - PHYSICAL DESCRIPTION
Extent xix, 228 p.
630 00 - SUBJECT ADDED ENTRY--UNIFORM TITLE
Uniform title Bible.
Name of part/section of a work N. T.
-- Acts.
General subdivision Criticism, interpretation, etc.
-- 0000178671
852 1# - LOCATION
-- p500 KES
908 ## - PUT COMMAND PARAMETER (RLIN)
Put command parameter 100907
950 ## - LOCAL HOLDINGS (RLIN)
-- 1
Holdings
Withdrawn status Lost status Source of classification or shelving scheme Not for loan Home library Current library Date acquired Total Checkouts Full call number Barcode Date last seen Price effective from Koha item type
    Library of Congress Classification   Kabarak, Main Campus Kabarak, Main Campus 17/12/2015   BS2625.52 .D53 2004 c. 1 23994 02/08/2024 17/12/2015 General Collection
Designed with assistance from East African Informatics Ltd